LEADER 04199 am 2200781 n 450 001 9910131518103321 005 20150702 010 $a2-7535-2470-X 024 7 $a10.4000/books.pur.23685 035 $a(CKB)3710000000442053 035 $a(FrMaCLE)OB-pur-23685 035 $a(oapen)https://directory.doabooks.org/handle/20.500.12854/42990 035 $a(PPN)267952961 035 $a(EXLCZ)993710000000442053 100 $a20150709j|||||||| ||| 0 101 0 $afre 135 $auu||||||m|||| 181 $ctxt$2rdacontent 182 $cc$2rdamedia 183 $acr$2rdacarrier 200 10$aChanter les dieux $eMusique et religion dans l'Antiquité grecque et romaine /$fPierre Brulé, Christophe Vendries 210 $aRennes $cPresses universitaires de Rennes$d2015 215 $a1 online resource (368 p.) 311 $a2-86847-598-1 330 $aPendant très longtemps, les travaux historiques ont largement ignoré la dimension sonore des religions du monde ancien. Il est banal de dire que la musique était omniprésente dans les religions de l'Antiquité mais pourquoi était-elle, selon la formule de l'écrivain latin Censorinus « agréable aux dieux » ? D'Apollon à Dionysos en passant par Athéna et Cybèle, des spécialistes de la civilisation grecque et romaine entreprennent pour la première fois de faire « chanter les dieux ». Seize chercheurs nous livrent ici le résultat de leur enquête, revisitant certains textes que l'on croyait bien connus, interrogeant les inscriptions, explorant les arcanes de l'iconographie religieuse des vases attiques aux autels romains. On mesure alors les ramifications et la complexité des manifestations sonores des cultes publics grâce à l'étude des rapports du dieu musicien avec son instrument, du sens de la musique dans les rites (prière, sacrifices et processions), des formes du répertoire musical, de certains usages musicaux spécifiques (dans les mystères ou le ménadisme) et de la mise en perspective de ses acteurs, porteurs du sacré, dans l'exécution du rituel. On apprendra par exemple qu'Apollon utilise sa lyre comme un arc ; que la fable de Marsyas et de l'aulos, n'est pas, contrairement aux idées reçues, un témoignage du rejet de cet instrument ; que l'imagerie des vases attiques ne donne pas forcément la même image de la musique des dieux que celle de la littérature ; qu'à Rome, l'interruption de la musique du tibicen lors du sacrifice équivaut à l'annulation pure et simple de la cérémonie ou encore que les initiées du culte de Cybèle devaient « manger au tambourin et boire à la cymbale ». C'est donc à une véritable tentative de lecture musicale des religions antiques que le lecteur est ici convié. 606 $aMusic 606 $aHistory 606 $amusique 606 $aGrèce 606 $aAntiquité 606 $aRome 606 $areligions grecque et romaine 610 $aGrèce 610 $aRome 610 $amusique 610 $aAntiquité 610 $areligions grecque et romaine 615 4$aMusic 615 4$aHistory 615 4$amusique 615 4$aGrèce 615 4$aAntiquité 615 4$aRome 615 4$areligions grecque et romaine 700 $aBélis$b Annie$0413491 701 $aBrulé$b Pierre$0384569 701 $aCalame$b Claude$0144179 701 $aCastaldo$b Daniela$0474190 701 $aGeorgoudi$b Stella$0158218 701 $aGuittard$b Charles$0205289 701 $aJannot$b Jean-René$0488150 701 $aLeduc$b Claudine$0185875 701 $aMenier$b Thomas$01317399 701 $aMonbrun$b Philippe$0476400 701 $aPailler$b Jean-Marie$0173065 701 $aPapadopoulou$b Zozie$01317400 701 $aPéché$b Valérie$01317401 701 $aPiolot$b Laurent$01301859 701 $aPirenne-Delforge$b Vinciane$0474721 701 $aSauron$b Gilles$0183893 701 $aVendries$b Christophe$0610234 701 $aBrulé$b Pierre$0384569 701 $aVendries$b Christophe$0610234 801 0$bFR-FrMaCLE 906 $aBOOK 912 $a9910131518103321 996 $aChanter les dieux$93032963 997 $aUNINA LEADER 01491nam1-2200373---450- 001 990000622040203316 005 20150325110727.0 035 $a0062204 035 $aUSA010062204 035 $a(ALEPH)000062204USA01 035 $a0062204 100 $a20010912d18151817km-y0itay0103----ba 101 $aita 102 $aIT 105 $a||||||||001yy 200 1 $aNuovo prospetto delle scienze economiche ossia somma delle idee teoriche e pratiche in ogni ramo d'amministrazione privata e pubblica, divise in altrettanti classi unite in sistema ragionato e generale$fMelchiorre Gioja 210 $aMilano$cpresso G. Pirotta$d1815-1817 215 $a6 v.$d29 cm 410 $12001 700 1$aGIOIA,$bMelchiorre$0145170 801 0$aIT$bsalbc$gISBD 912 $a990000622040203316 951 $aFV B 16 4 6-11$b1185-1190$cFV B 16 4 951 $aISE II 180(Presso 4° piano - Ufficio Coordinamento)$bE.C.$cISE II 959 $aBK 969 $aF. VENTIMIGLIA 979 $aPATTY$b90$c20010912$lUSA01$h1014 979 $c20020403$lUSA01$h1711 979 $aPATRY$b90$c20040406$lUSA01$h1643 979 $aSIAVER$b90$c20041117$lUSA01$h1435 979 $aRSIAV1$b90$c20090302$lUSA01$h1044 979 $aGIGLIO$b90$c20150325$lUSA01$h1107 996 $aNuovo prospetto delle scienze economiche ossia somma delle idee teoriche e pratiche in ogni ramo d'amministrazione privata e pubblica, divise in altrettanti classi unite in sistema ragionato e generale$9956753 997 $aUNISA LEADER 03685nam 2200685 450 001 9910814337903321 005 20230803214325.0 010 $a3-11-050736-6 024 7 $a10.1515/9783110507362 035 $a(CKB)3710000000882166 035 $a(MiAaPQ)EBC4943573 035 $a(DE-B1597)471506 035 $a(OCoLC)1002222154 035 $a(OCoLC)1004872096 035 $a(OCoLC)1011438836 035 $a(OCoLC)1012848196 035 $a(OCoLC)979955222 035 $a(OCoLC)987936946 035 $a(OCoLC)992454150 035 $a(OCoLC)999355210 035 $a(DE-B1597)9783110507362 035 $a(Au-PeEL)EBL4943573 035 $a(CaPaEBR)ebr11459275 035 $a(OCoLC)1009181433 035 $a(EXLCZ)993710000000882166 100 $a20171122h20142014 uy 0 101 0 $ager 135 $aurcnu|||||||| 181 $2rdacontent 182 $2rdamedia 183 $2rdacarrier 200 10$aTransatlantisches Handels- und Investitionsabkommen /$fHandels-, Wachstums- und industrielle Bescha?ftigungsdynamik in Deutschland, den USA und Europa 210 1$aStuttgart, [Germany] :$cLucius & Lucius,$d2014. 210 4$d©2014 215 $a1 online resource (126 pages) 225 1 $aEuropa?ische Integration und Digitale Weltwirtschaft,$x1868-0607 ;$vBand 8 311 $a3-8282-0603-4 320 $aIncludes bibliographical references. 327 $tFrontmatter -- $tVorwort -- $tInhaltsverzeichnis -- $tAbbildungsverzeichnis -- $tTabellenverzeichnis -- $t1. Einführung -- $t2. Transatlantische Handels- und Investitionspartnerschaft: Ein Blick auf ausgewählte Analysebefunde -- $t3. Methodische Fragen zur Wirkungsanalyse von Input- Output-Tabellen -- $t4. Ausgangsperspektiven -- $t5. Sektorale Analysebefunde -- $t6. Perspektiven zur Investitionspartnerschaft und Herausforderungen der Wirtschaftspolitik -- $t7. Wirtschaftspolitische Konsequenzen -- $tLiteraturverzeichnis -- $tAnhang 1: Ausgewählte Wirtschaftsdaten für die USA und die EU -- $tAnhang 2: Detailed consumption of intermediate inputs - observed sectors in the US -- $tAnhang 3: Detailed consumption of intermediate inputs in the EU (Irawan/Welfens, 2014) -- $tAnhang 4: CEPII-Szenarios zu TTIP -- $tAnhang 5: Bruttoexporte und Wertschöpfungsexporte sowie Bruttoimporte und Wertschöpfungsimporte -- $tKurzfassung -- $tBackmatter 330 $aDas Transatlantische Handels- und Investitionsabkommen zwischen der Europäischen Union und den USA könnte die größte Freihandelszone der Welt schaffen und ein für Deutschland und alle Länder der Weltwirtschaft wichtiger Expansion- und Innovationsimpuls werden. Neben den Außenhandelseffekten werden auch Direktinvestitionsaspekte bzw. multinationale Unternehmensperspektiven betrachtet. Der Fokus richtet sich insbesondere auf die Industriesektoren Automobilwirtschaft, Chemie, Pharma, Informations- und Kommunikationstechnologie und den Maschinenbau. 410 0$aEuropa?ische Integration und digitale Weltwirtschaft ;$vBand 8. 606 $aBUSINESS & ECONOMICS / General$2bisacsh 607 $aEuropean Union countries$xCommerce 610 $aFreihandelsabkommen. 610 $aHandelsbarrieren. 610 $aHandelspartnerschaft. 610 $aInvestitionspartnerschaft. 610 $aZölle. 615 7$aBUSINESS & ECONOMICS / General. 676 $a382.094 700 $aWelfens$b Paul J. J.$0630185 702 $aIrawan$b Tony, 702 $aKorus$b Arthur, 801 0$bMiAaPQ 801 1$bMiAaPQ 801 2$bMiAaPQ 906 $aBOOK 912 $a9910814337903321 996 $aTransatlantisches Handels- und Investitionsabkommen$94003109 997 $aUNINA